| 000 | 01719nam a2200241Ia 4500 | ||
|---|---|---|---|
| 003 | Ost | ||
| 005 | 20260507075224.0 | ||
| 008 | 260507s9999||||xx |||||||||||||| ||und|| | ||
| 020 | _a6108009957 | ||
| 040 | _cfsecg | ||
| 041 | _aara | ||
| 082 | _a330 | ||
| 100 |
_aالقريوتي، محمد قاسم _eمؤلف |
||
| 245 | 0 |
_aالسلوك التنظيمي : _bدراسة السلوك الانساني الفردي و الجماعي في منظمات الاعمال / _c محمد قاسم القريوتي |
|
| 260 |
_aعمان: _bدار وائل, _c2009 |
||
| 300 |
_a432 صفحة؛ _bإيضاحات ؛ _c24 سم |
||
| 504 | _aمراجع :لكل فصل مرجع | ||
| 520 | _aماهية السلوك التنظيمي، الدوافع : المفهوم و النظريات ، الشخصية : المفهوم و النظريات ، عملية الادراك ، الجماعات و تأثيرها على السلوك التنظيمي ، المناخ التنظيمي و الثقتفة التنظيمية و القيم و الاتجاهات ، القيادة الادارية ، عملية الاتصالات الادارية ، إدارة الصراعات ، ادارة التوتر ة ضغوط العمل ، ادارة الابداع و الابتكار في الادارة ، ادارة التغيير و التطوير ، العوامل التنظيمية و أثرها على السلوك التنظيمي ، مشاكل العاملين في التنظيمات المعاصرة ، بعض الانماط التنظيمية لتنظيمات المستقبل . | ||
| 653 | _aإدارة الأعمال | ||
| 653 | _aالسلوك الإنساني | ||
| 653 | _aالسلوك التنظيمي | ||
| 942 | _cكتاب | ||
| 999 |
_c43533 _d43533 |
||